[Event "3e Open de Bastia"]
[Site "Bastia"]
[Date "2023.07.10"]
[Round "2.4"]
[White "Collutiis, Duilio"]
[Black "Krasenkowa, Elena"]
[Result "0-1"]
[BlackElo "2143"]
[WhiteElo "2341"]
[LiveChessVersion "1.4.6"]

1. g3 {[%clk 0:14:59]} Nf6 {[%clk 0:15:05]} 2. Bg2 {[%clk 0:15:00]} d5
{[%clk 0:15:07]} 3. c4 {[%clk 0:15:00]} c6 {[%clk 0:15:08]} 4. Nf3
{[%clk 0:15:00]} Qc7 {[%clk 0:15:05]} 5. Qc2 {[%clk 0:14:28]} dxc4
{[%clk 0:14:48]} 6. Qxc4 {[%clk 0:14:21]} g6 {[%clk 0:14:50]} 7. O-O
{[%clk 0:14:19]} Bg7 {[%clk 0:14:50]} 8. d3 {[%clk 0:14:04]} O-O {[%clk 0:14:50]}
9. Nc3 {[%clk 0:14:00]} Be6 {[%clk 0:14:03]} 10. Qh4 {[%clk 0:14:00]} Bg4
{[%clk 0:12:26]} 11. Bg5 {[%clk 0:12:41]} Bxf3 {[%clk 0:12:21]} 12. Bxf3
{[%clk 0:12:42]} Nbd7 {[%clk 0:12:23]} 13. Rfc1 {[%clk 0:12:38]} Qa5
{[%clk 0:12:17]} 14. Rab1 {[%clk 0:12:36]} Ne5 {[%clk 0:12:11]} 15. Bg2
{[%clk 0:12:30]} Neg4 {[%clk 0:10:18]} 16. Bxf6 {[%clk 0:11:13]} Nxf6
{[%clk 0:10:16]} 17. b4 {[%clk 0:11:14]} Qd8 {[%clk 0:10:09]} 18. b5
{[%clk 0:11:13]} Nd5 {[%clk 0:09:18]} 19. Na4 {[%clk 0:08:47]} Rc8
{[%clk 0:07:59]} 20. bxc6 {[%clk 0:08:41]} Rxc6 {[%clk 0:07:28]} 21. Rxc6
{[%clk 0:07:58]} bxc6 {[%clk 0:07:30]} 22. Qc4 {[%clk 0:07:59]} Qd6
{[%clk 0:07:00]} 23. Rb3 {[%clk 0:07:41]} e6 {[%clk 0:06:10]} 24. Bf3
{[%clk 0:07:27]} Rb8 {[%clk 0:05:09]} 25. Qc5 {[%clk 0:04:20]} Bf8
{[%clk 0:04:01]} 26. Qxa7 {[%clk 0:04:09]} Rxb3 {[%clk 0:03:49]} 27. axb3
{[%clk 0:04:10]} Qb4 {[%clk 0:03:39]} 28. Qa6 {[%clk 0:03:55]} Qxb3
{[%clk 0:02:52]} 29. Qxc6 {[%clk 0:02:51]} Nb4 {[%clk 0:02:54]} 30. Qa8
{[%clk 0:02:31]} Qd1+ {[%clk 0:02:54]} 31. Kg2 {[%clk 0:02:33]} Nc2
{[%clk 0:02:55]} 32. Nc5 {[%clk 0:02:00]} Ne1+ {[%clk 0:02:35]} 33. Kh3
{[%clk 0:02:01]} Kg7 {[%clk 0:01:26]} 34. Nd7 {[%clk 0:01:49]} Be7
{[%clk 0:01:22]} 35. Qe4 {[%clk 0:01:16]} Nxf3 {[%clk 0:01:18]} 36. Qxf3
{[%clk 0:01:03]} Qf1+ {[%clk 0:01:19]} 37. Kg4 {[%clk 0:00:43]} f5+
{[%clk 0:01:08]} 38. Kf4 {[%clk 0:00:39]} Qc1+ {[%clk 0:01:03]} 39. Qe3
{[%clk 0:00:23]} g5+ {[%clk 0:00:57]} 40. Ke5 {[%clk 0:00:15]} Qc7+
{[%clk 0:00:39]} 41. Kxe6 {[%clk 0:00:17]} Qd6+ {[%clk 0:00:41]} 42. Kxf5
{[%clk 0:00:15]} Qxd7+ {[%clk 0:00:39]} 43. Qe6 {[%clk 0:00:17]} Qd8
{[%clk 0:00:10]} 44. Kg4 {[%clk 0:00:10]} Bf6 {[%clk 0:00:09]} 45. Kf3
{[%clk 0:00:09]} Qa8+ {[%clk 0:00:10]} 46. Qe4 {[%clk 0:00:11]} Qa1
{[%clk 0:00:10]} 47. Kg2 {[%clk 0:00:12]} Qa7 {[%clk 0:00:10]} 48. e3
{[%clk 0:00:11]} Qa2 {[%clk 0:00:10]} 49. d4 {[%clk 0:00:13]} Qa7
{[%clk 0:00:12]} 50. Qc6 {[%clk 0:00:14]} Qe7 {[%clk 0:00:13]} 51. g4
{[%clk 0:00:15]} Qa7 {[%clk 0:00:13]} 52. Qe4 {[%clk 0:00:15]} Qc7
{[%clk 0:00:14]} 53. Qf5 {[%clk 0:00:16]} Qb7+ {[%clk 0:00:16]} 54. Qf3
{[%clk 0:00:18]} Qc7 {[%clk 0:00:18]} 55. h3 {[%clk 0:00:20]} Qa7
{[%clk 0:00:20]} 56. Qe4 {[%clk 0:00:20]} Qd7 {[%clk 0:00:21]} 57. Qf5
{[%clk 0:00:21]} Qc6+ {[%clk 0:00:22]} 58. Qf3 {[%clk 0:00:22]} Qd7
{[%clk 0:00:25]} 59. Qa8 {[%clk 0:00:23]} Qe7 {[%clk 0:00:25]} 60. Qd5
{[%clk 0:00:24]} Qc7 {[%clk 0:00:27]} 61. h4 {[%clk 0:00:25]} h6 {[%clk 0:00:27]}
0-1

[Event "3e Open de Bastia"]
[Site "Bastia"]
[Date "2023.07.10"]
[Round "2.5"]
[White "Shaw, Dashiell L"]
[Black "Roberson, Peter T"]
[Result "1/2-1/2"]
[BlackElo "2433"]
[WhiteElo "1933"]
[LiveChessVersion "1.4.6"]

1. e4 {[%clk 0:15:03]} e6 {[%clk 0:15:05]} 2. d4 {[%clk 0:15:00]} d5
{[%clk 0:15:05]} 3. Nd2 {[%clk 0:15:01]} c5 {[%clk 0:15:05]} 4. exd5
{[%clk 0:15:02]} Qxd5 {[%clk 0:15:06]} 5. dxc5 {[%clk 0:14:57]} Qxc5
{[%clk 0:15:06]} 6. Ngf3 {[%clk 0:14:57]} Nf6 {[%clk 0:15:04]} 7. Bd3
{[%clk 0:14:49]} Nbd7 {[%clk 0:15:02]} 8. O-O {[%clk 0:14:47]} Qc7
{[%clk 0:14:44]} 9. Ne4 {[%clk 0:14:37]} Nxe4 {[%clk 0:14:20]} 10. Bxe4
{[%clk 0:14:39]} Nc5 {[%clk 0:14:06]} 11. Bd3 {[%clk 0:14:26]} Nxd3
{[%clk 0:14:01]} 12. Qxd3 {[%clk 0:14:28]} Be7 {[%clk 0:12:55]} 13. Bg5
{[%clk 0:14:21]} f6 {[%clk 0:12:18]} 14. Be3 {[%clk 0:14:14]} O-O
{[%clk 0:12:12]} 15. Rad1 {[%clk 0:13:57]} e5 {[%clk 0:11:42]} 16. Qb3+
{[%clk 0:13:15]} Kh8 {[%clk 0:11:43]} 17. Nd2 {[%clk 0:12:56]} Bf5
{[%clk 0:10:21]} 18. c3 {[%clk 0:12:33]} Rfd8 {[%clk 0:09:41]} 19. Nf3
{[%clk 0:12:06]} b6 {[%clk 0:08:35]} 20. Rxd8+ {[%clk 0:11:50]} Rxd8
{[%clk 0:08:28]} 21. Rd1 {[%clk 0:11:44]} Rd7 {[%clk 0:07:25]} 22. Rxd7
{[%clk 0:10:38]} Qxd7 {[%clk 0:07:27]} 23. Nd2 {[%clk 0:10:19]} h6
{[%clk 0:06:37]} 24. h3 {[%clk 0:09:57]} Be6 {[%clk 0:06:28]} 25. Qc2
{[%clk 0:09:56]} Qd5 {[%clk 0:06:13]} 26. b3 {[%clk 0:09:37]} f5 {[%clk 0:06:04]}
27. f3 {[%clk 0:09:00]} Bc5 {[%clk 0:05:35]} 28. Bxc5 {[%clk 0:08:26]} Qxc5+
{[%clk 0:05:37]} 29. Kf1 {[%clk 0:08:05]} Qe3 {[%clk 0:05:31]} 30. Nb1
{[%clk 0:07:55]} e4 {[%clk 0:04:51]} 31. Qd2 {[%clk 0:06:53]} Qxd2
{[%clk 0:03:34]} 32. Nxd2 {[%clk 0:06:55]} e3 {[%clk 0:03:36]} 33. Nb1
{[%clk 0:06:54]} f4 {[%clk 0:03:33]} 34. Ke2 {[%clk 0:06:48]} g5 {[%clk 0:03:34]}
35. c4 {[%clk 0:06:46]} Kg7 {[%clk 0:03:36]} 36. Nc3 {[%clk 0:06:42]} Kf6
{[%clk 0:03:33]} 37. Nb5 {[%clk 0:06:13]} a5 {[%clk 0:02:40]} 38. Nc7
{[%clk 0:05:40]} a4 {[%clk 0:01:13]} 39. Kd3 {[%clk 0:04:16]} a3 {[%clk 0:00:26]}
40. Nb5 {[%clk 0:03:46]} Bf5+ {[%clk 0:00:27]} 41. Kc3 {[%clk 0:03:44]} h5
{[%clk 0:00:14]} 42. Nxa3 {[%clk 0:03:41]} g4 {[%clk 0:00:16]} 43. hxg4
{[%clk 0:03:21]} hxg4 {[%clk 0:00:18]} 44. fxg4 Be4 45. Nc2 {[%clk 0:02:42]} e2
{[%clk 0:00:09]} 46. Ne1 {[%clk 0:02:41]} Bxg2 {[%clk 0:00:10]} 47. Kd3
{[%clk 0:02:16]} Bf1 {[%clk 0:00:07]} 48. Ke4 {[%clk 0:02:12]} Kg5
{[%clk 0:00:08]} 49. Kf3 {[%clk 0:02:08]} Kf6 {[%clk 0:00:04]} 50. Kxf4
{[%clk 0:02:06]} Ke6 {[%clk 0:00:05]} 51. b4 {[%clk 0:01:59]} Bh3
{[%clk 0:00:07]} 52. a4 {[%clk 0:01:53]} Kd6 {[%clk 0:00:07]} 53. g5
{[%clk 0:01:50]} Be6 {[%clk 0:00:09]} 54. Ke3 {[%clk 0:01:19]} Bxc4
{[%clk 0:00:10]} 55. Kd2 {[%clk 0:01:16]} Ke5 {[%clk 0:00:09]} 56. Nf3+
{[%clk 0:01:12]} Kf4 {[%clk 0:00:09]} 57. Ng1 {[%clk 0:01:13]} e1=Q+
{[%clk 0:00:08]} 58. Kxe1 {[%clk 0:01:15]} Kxg5 {[%clk 0:00:10]} 59. Kd2
{[%clk 0:01:17]} Kf4 {[%clk 0:00:11]} 60. Kc3 {[%clk 0:01:19]} Bf1
{[%clk 0:00:08]} 61. a5 {[%clk 0:01:14]} bxa5 {[%clk 0:00:08]} 62. bxa5
{[%clk 0:01:16]} Kg3 {[%clk 0:00:09]} 63. Kd2 {[%clk 0:01:15]} Kg2
{[%clk 0:00:11]} 64. Ne2 {[%clk 0:01:16]} Kf3 {[%clk 0:00:07]} 65. a6
{[%clk 0:00:55]} Kg4 {[%clk 0:00:09]} 66. a7 {[%clk 0:00:54]} Bg2
{[%clk 0:00:11]} 67. Kc3 {[%clk 0:00:53]} Kf5 {[%clk 0:00:10]} 68. Kc4
{[%clk 0:00:53]} Ke5 {[%clk 0:00:11]} 69. Kc5 {[%clk 0:00:52]} Ba8
{[%clk 0:00:08]} 70. Nd4 {[%clk 0:00:53]} Kf6 {[%clk 0:00:05]} 71. Kd6
{[%clk 0:00:52]} Kf7 {[%clk 0:00:07]} 72. Nb5 {[%clk 0:00:50]} Kf6
{[%clk 0:00:05]} 73. Kc7 {[%clk 0:00:47]} Ke7 {[%clk 0:00:07]} 74. Nd4
{[%clk 0:00:41]} Ke8 {[%clk 0:00:06]} 75. Nc6 {[%clk 0:00:31]} Kf7
{[%clk 0:00:09]} 76. Nd8+ {[%clk 0:00:30]} Ke8 {[%clk 0:00:10]} 77. Kb8
{[%clk 0:00:25]} Kxd8 {[%clk 0:00:11]} 78. Kxa8 {[%clk 0:00:23]} Kc8
{[%clk 0:00:14]} 1/2-1/2

[Event "3e Open de Bastia"]
[Site "Bastia"]
[Date "2023.07.10"]
[Round "2.6"]
[White "Degraeve, Remy"]
[Black "Have, Didier"]
[Result "1-0"]
[BlackElo "1907"]
[WhiteElo "2467"]
[LiveChessVersion "1.4.6"]

1. e4 {[%clk 0:15:03]} c5 {[%clk 0:15:05]} 2. Nf3 {[%clk 0:15:05]} d6
{[%clk 0:15:07]} 3. d4 {[%clk 0:15:07]} cxd4 {[%clk 0:15:09]} 4. Nxd4
{[%clk 0:15:08]} Nf6 {[%clk 0:15:11]} 5. Nc3 {[%clk 0:15:10]} g6 {[%clk 0:15:13]}
6. Be3 {[%clk 0:15:11]} Bg7 {[%clk 0:15:15]} 7. f3 {[%clk 0:15:13]} O-O
{[%clk 0:15:16]} 8. Qd2 {[%clk 0:15:15]} Nc6 {[%clk 0:15:18]} 9. O-O-O
{[%clk 0:15:16]} Nxd4 {[%clk 0:15:20]} 10. Bxd4 {[%clk 0:15:17]} Be6
{[%clk 0:15:22]} 11. Kb1 {[%clk 0:15:19]} Qc7 {[%clk 0:15:00]} 12. h4
{[%clk 0:15:19]} Rfc8 {[%clk 0:14:51]} 13. h5 {[%clk 0:15:20]} Qa5
{[%clk 0:14:36]} 14. a3 {[%clk 0:15:15]} Rab8 {[%clk 0:13:15]} 15. hxg6
{[%clk 0:15:15]} fxg6 {[%clk 0:13:16]} 16. Bd3 {[%clk 0:14:48]} Bf7
{[%clk 0:13:06]} 17. Ne2 {[%clk 0:08:31]} Qa4 {[%clk 0:11:20]} 18. e5
{[%clk 0:08:02]} Nd5 {[%clk 0:09:16]} 19. e6 {[%clk 0:07:45]} Bxd4
{[%clk 0:08:11]} 20. exf7+ {[%clk 0:07:45]} Kxf7 {[%clk 0:07:46]} 21. Nxd4
{[%clk 0:07:46]} b5 {[%clk 0:06:22]} 22. Rxh7+ {[%clk 0:07:42]} Ke8
{[%clk 0:06:23]} 23. Bxg6+ {[%clk 0:07:43]} Kd8 {[%clk 0:06:18]} 24. Ne6+
{[%clk 0:07:43]} Kd7 {[%clk 0:06:14]} 25. Qxd5 {[%clk 0:07:43]} Qxc2+
{[%clk 0:06:05]} 26. Bxc2 1-0

[Event "3e Open de Bastia"]
[Site "Bastia"]
[Date "2023.07.10"]
[Round "2.7"]
[White "Blake, J Morgan"]
[Black "Rendle, Thomas E"]
[Result "0-1"]
[BlackElo "2385"]
[WhiteElo "1984"]
[LiveChessVersion "1.4.6"]

1. e4 {[%clk 0:15:04]} e6 {[%clk 0:15:05]} 2. d3 {[%clk 0:14:57]} d5
{[%clk 0:15:06]} 3. Nd2 {[%clk 0:14:58]} Nf6 {[%clk 0:15:07]} 4. Ngf3
{[%clk 0:15:00]} Bc5 {[%clk 0:15:03]} 5. Be2 {[%clk 0:13:58]} Nc6
{[%clk 0:14:53]} 6. c3 {[%clk 0:13:41]} dxe4 {[%clk 0:14:27]} 7. dxe4
{[%clk 0:13:39]} a5 {[%clk 0:14:10]} 8. O-O {[%clk 0:13:24]} O-O {[%clk 0:12:57]}
9. Qc2 {[%clk 0:11:20]} e5 {[%clk 0:12:55]} 10. Nc4 {[%clk 0:10:54]} Qe8
{[%clk 0:10:50]} 11. a4 {[%clk 0:07:46]} Nh5 {[%clk 0:09:40]} 12. Be3
{[%clk 0:07:00]} Qe7 {[%clk 0:08:41]} 13. Rad1 {[%clk 0:04:27]} Nf4
{[%clk 0:07:46]} 14. Nfxe5 {[%clk 0:01:30]} Nxe2+ {[%clk 0:05:00]} 15. Qxe2
{[%clk 0:01:31]} Nxe5 {[%clk 0:04:40]} 16. Rd5 {[%clk 0:00:30]} Nd7
{[%clk 0:03:57]} 17. Rfd1 {[%clk 0:00:07]} Qxe4 {[%clk 0:02:29]} 18. f3
{[%clk 0:00:09]} Bxe3+ {[%clk 0:02:22]} 19. Nxe3 {[%clk 0:00:10]} Qe6
{[%clk 0:02:06]} 20. R5d4 {[%clk 0:00:04]} Nc5 {[%clk 0:01:58]} 21. Qd2
{[%clk 0:00:05]} Nb3 {[%clk 0:01:58]} 22. Qd3 0-1

[Event "3e Open de Bastia"]
[Site "Bastia"]
[Date "2023.07.10"]
[Round "2.8"]
[White "Carnicelli, Valerio"]
[Black "Geronimi, Jean-Thomas"]
[Result "1-0"]
[BlackElo "1978"]
[WhiteElo "2344"]
[LiveChessVersion "1.4.6"]

1. b3 {[%clk 0:15:04]} e5 {[%clk 0:14:38]} 2. Bb2 {[%clk 0:15:05]} Nc6
{[%clk 0:14:40]} 3. e3 {[%clk 0:15:04]} a6 {[%clk 0:14:27]} 4. c4
{[%clk 0:15:04]} g6 {[%clk 0:14:12]} 5. Nf3 {[%clk 0:14:56]} Bg7 {[%clk 0:14:14]}
6. d4 {[%clk 0:14:54]} exd4 {[%clk 0:13:44]} 7. Nxd4 {[%clk 0:14:55]} Nxd4
{[%clk 0:13:38]} 8. Bxd4 {[%clk 0:14:56]} Nf6 {[%clk 0:12:06]} 9. Be2
{[%clk 0:14:55]} O-O {[%clk 0:12:05]} 10. O-O d6 11. Bf3 {[%clk 0:14:49]} Qe7
{[%clk 0:11:33]} 12. Nc3 {[%clk 0:14:22]} c6 {[%clk 0:10:52]} 13. Qd2
{[%clk 0:14:08]} Be6 {[%clk 0:09:37]} 14. Rad1 {[%clk 0:13:46]} Rad8
{[%clk 0:09:37]} 15. e4 {[%clk 0:12:31]} Bg4 {[%clk 0:08:44]} 16. Bxg4
{[%clk 0:11:53]} Nxg4 {[%clk 0:08:47]} 17. Bxg7 {[%clk 0:11:32]} Kxg7
{[%clk 0:08:49]} 18. Qd4+ {[%clk 0:11:18]} Qe5 {[%clk 0:08:39]} 19. h3
{[%clk 0:11:15]} Nf6 {[%clk 0:07:06]} 20. Qxe5 {[%clk 0:10:36]} dxe5
{[%clk 0:07:09]} 21. f3 {[%clk 0:10:33]} Nh5 {[%clk 0:06:21]} 22. Kf2
{[%clk 0:10:08]} Nf4 {[%clk 0:05:59]} 23. h4 {[%clk 0:10:05]} Ne6
{[%clk 0:05:57]} 24. Ke3 {[%clk 0:09:58]} Nd4 {[%clk 0:05:42]} 25. Rd2
{[%clk 0:09:55]} f5 {[%clk 0:05:42]} 26. Rfd1 {[%clk 0:09:29]} f4+
{[%clk 0:05:38]} 27. Kf2 {[%clk 0:09:31]} Ne6 {[%clk 0:04:48]} 28. Rd7+
{[%clk 0:09:13]} Rxd7 {[%clk 0:04:37]} 29. Rxd7+ {[%clk 0:09:15]} Rf7
{[%clk 0:04:39]} 30. Rd6 {[%clk 0:09:04]} Kf6 {[%clk 0:04:40]} 31. b4
{[%clk 0:08:11]} Ke7 {[%clk 0:04:42]} 32. c5 {[%clk 0:08:10]} Rf8
{[%clk 0:04:30]} 33. Na4 {[%clk 0:07:51]} Rd8 {[%clk 0:04:18]} 34. Nb6
{[%clk 0:07:48]} Nf8 {[%clk 0:03:33]} 35. Rxd8 {[%clk 0:06:56]} Kxd8
{[%clk 0:03:35]} 36. g3 {[%clk 0:06:55]} fxg3+ {[%clk 0:03:21]} 37. Kxg3
{[%clk 0:06:56]} Ke7 {[%clk 0:03:23]} 38. Kg4 {[%clk 0:06:17]} Kf6
{[%clk 0:03:16]} 39. a4 {[%clk 0:06:02]} h5+ {[%clk 0:03:10]} 40. Kg3
{[%clk 0:06:03]} g5 {[%clk 0:01:41]} 41. Nc4 {[%clk 0:05:03]} Ng6
{[%clk 0:01:30]} 42. hxg5+ {[%clk 0:04:25]} Kxg5 {[%clk 0:01:32]} 43. Nd6
{[%clk 0:04:22]} h4+ {[%clk 0:01:20]} 44. Kh2 {[%clk 0:04:17]} Kf4
{[%clk 0:01:23]} 45. Nxb7 {[%clk 0:03:23]} Kxf3 {[%clk 0:01:24]} 46. Nd6
{[%clk 0:02:59]} Ne7 {[%clk 0:01:20]} 47. Kh3 {[%clk 0:02:36]} Ke2
{[%clk 0:01:09]} 48. Kxh4 {[%clk 0:02:28]} Kd3 {[%clk 0:01:11]} 49. Kg5
{[%clk 0:02:24]} Kc3 {[%clk 0:01:05]} 50. Kf6 {[%clk 0:02:05]} Ng8+
{[%clk 0:00:36]} 51. Kxe5 {[%clk 0:01:58]} Kxb4 {[%clk 0:00:38]} 52. Nb7
{[%clk 0:01:51]} Kxa4 {[%clk 0:00:34]} 53. Kd6 {[%clk 0:01:25]} Kb5
{[%clk 0:00:35]} 54. e5 Nh6 55. e6 {[%clk 0:00:34]} Nf5+ {[%clk 0:00:38]} 56. Kd7
{[%clk 0:00:23]} Ng7 {[%clk 0:00:40]} 57. e7 {[%clk 0:00:25]} a5 {[%clk 0:00:22]}
58. Nd6+ {[%clk 0:00:08]} Kxc5 {[%clk 0:00:20]} 59. Nf5 Nh5 60. Ke6
{[%clk 0:00:12]} Nf4+ {[%clk 0:00:22]} 61. Kf7 {[%clk 0:00:12]} Kd4 1-0

[Event "3e Open de Bastia"]
[Site "Bastia"]
[Date "2023.07.10"]
[Round "3.1"]
[White "Aarav Dengla"]
[Black "Relange, Eloi"]
[Result "0-1"]
[BlackElo "2462"]
[WhiteElo "2343"]
[LiveChessVersion "1.4.6"]

1. e4 {[%clk 0:15:04]} d6 {[%clk 0:15:03]} 2. d4 {[%clk 0:15:04]} Nf6
{[%clk 0:14:56]} 3. Nc3 {[%clk 0:15:05]} e5 {[%clk 0:14:57]} 4. Nf3
{[%clk 0:14:15]} Nbd7 {[%clk 0:14:58]} 5. Be2 {[%clk 0:14:04]} c6
{[%clk 0:14:46]} 6. O-O {[%clk 0:13:57]} Be7 {[%clk 0:14:38]} 7. h3
{[%clk 0:13:57]} O-O {[%clk 0:14:37]} 8. Re1 {[%clk 0:13:20]} b5 {[%clk 0:14:33]}
9. a3 {[%clk 0:13:20]} Bb7 {[%clk 0:11:19]} 10. Be3 {[%clk 0:10:46]} Re8
{[%clk 0:10:52]} 11. Nh4 {[%clk 0:07:26]} g6 {[%clk 0:10:32]} 12. Nf3
{[%clk 0:06:40]} Bf8 {[%clk 0:10:14]} 13. d5 {[%clk 0:05:24]} a6 {[%clk 0:10:07]}
14. dxc6 {[%clk 0:05:18]} Bxc6 {[%clk 0:10:08]} 15. Nd2 {[%clk 0:04:03]} Nc5
{[%clk 0:09:51]} 16. Bf3 {[%clk 0:03:56]} Qc7 {[%clk 0:08:30]} 17. Bg5
{[%clk 0:03:10]} Nfd7 {[%clk 0:07:36]} 18. Nb3 {[%clk 0:02:56]} Rac8
{[%clk 0:07:03]} 19. Qd2 {[%clk 0:02:40]} Nxb3 {[%clk 0:06:25]} 20. cxb3
{[%clk 0:02:42]} Nc5 {[%clk 0:06:26]} 21. Qd1 {[%clk 0:02:15]} Qb7
{[%clk 0:06:12]} 22. b4 {[%clk 0:02:13]} Ne6 {[%clk 0:04:27]} 23. Be3
{[%clk 0:02:15]} Rcd8 {[%clk 0:04:20]} 24. Rc1 {[%clk 0:01:53]} Bg7
{[%clk 0:04:07]} 25. Nd5 {[%clk 0:01:48]} Nd4 {[%clk 0:03:58]} 26. Bxd4
{[%clk 0:00:59]} exd4 {[%clk 0:03:59]} 27. Qc2 {[%clk 0:01:00]} Bxd5
{[%clk 0:03:40]} 28. exd5 {[%clk 0:01:02]} Rxe1+ {[%clk 0:03:39]} 29. Rxe1
{[%clk 0:01:04]} Rc8 {[%clk 0:03:38]} 30. Qd3 {[%clk 0:00:49]} Qc7
{[%clk 0:03:21]} 31. Re2 {[%clk 0:00:37]} h5 {[%clk 0:03:06]} 32. h4
{[%clk 0:00:23]} Qc4 {[%clk 0:02:53]} 33. Qd2 {[%clk 0:00:06]} Qc1+
{[%clk 0:02:23]} 34. Qxc1 {[%clk 0:00:08]} Rxc1+ 35. Kh2 Bh6 {[%clk 0:02:19]} 36.
Re4 {[%clk 0:00:08]} d3 {[%clk 0:02:17]} 37. Rd4 {[%clk 0:00:10]} d2
{[%clk 0:02:19]} 38. Rd3 {[%clk 0:00:12]} Kg7 {[%clk 0:02:04]} 39. g3
{[%clk 0:00:13]} Kf6 {[%clk 0:02:05]} 40. Kg2 {[%clk 0:00:10]} Re1
{[%clk 0:02:06]} 41. Kh2 {[%clk 0:00:05]} Ke5 {[%clk 0:02:04]} 42. Kg2
{[%clk 0:00:07]} Rb1 {[%clk 0:01:41]} 43. b3 {[%clk 0:00:08]} Ra1
{[%clk 0:01:43]} 44. Be2 {[%clk 0:00:04]} Rxa3 {[%clk 0:01:37]} 45. Bf3 0-1

[Event "3e Open de Bastia"]
[Site "Bastia"]
[Date "2023.07.10"]
[Round "3.2"]
[White "Krasenkow, Michal"]
[Black "Horton, Jamie A"]
[Result "1/2-1/2"]
[BlackElo "2177"]
[WhiteElo "2524"]
[LiveChessVersion "1.4.6"]

1. d4 {[%clk 0:15:03]} d5 {[%clk 0:15:03]} 2. c4 {[%clk 0:15:03]} e6
{[%clk 0:15:03]} 3. Nc3 {[%clk 0:15:03]} a6 {[%clk 0:15:03]} 4. e4
{[%clk 0:15:05]} dxe4 {[%clk 0:14:51]} 5. Nxe4 {[%clk 0:15:07]} Bb4+
{[%clk 0:14:33]} 6. Nc3 {[%clk 0:15:08]} c5 {[%clk 0:14:31]} 7. a3
{[%clk 0:15:09]} Ba5 {[%clk 0:14:12]} 8. Be3 {[%clk 0:14:56]} Nf6
{[%clk 0:13:37]} 9. Nf3 {[%clk 0:14:41]} O-O {[%clk 0:13:13]} 10. Qc2
{[%clk 0:14:27]} cxd4 {[%clk 0:12:23]} 11. Bxd4 {[%clk 0:14:26]} Nc6
{[%clk 0:12:14]} 12. Bc5 {[%clk 0:14:24]} Bxc3+ {[%clk 0:11:09]} 13. Qxc3
{[%clk 0:14:11]} Ne4 {[%clk 0:11:11]} 14. Qe3 {[%clk 0:14:13]} Nxc5
{[%clk 0:11:05]} 15. Qxc5 {[%clk 0:14:15]} e5 {[%clk 0:10:30]} 16. Rd1
{[%clk 0:13:49]} Qf6 {[%clk 0:10:05]} 17. Rd6 {[%clk 0:13:21]} Qf4
{[%clk 0:09:04]} 18. Qe3 {[%clk 0:13:18]} Qxe3+ {[%clk 0:08:53]} 19. fxe3
{[%clk 0:13:20]} h6 {[%clk 0:07:58]} 20. Be2 {[%clk 0:12:43]} Be6
{[%clk 0:07:45]} 21. Kf2 {[%clk 0:12:41]} Rfd8 {[%clk 0:07:40]} 22. Rhd1
{[%clk 0:12:42]} Rxd6 {[%clk 0:07:34]} 23. Rxd6 {[%clk 0:12:43]} Kf8
{[%clk 0:07:28]} 24. b4 {[%clk 0:12:09]} Ke7 {[%clk 0:06:59]} 25. c5
{[%clk 0:12:07]} Rc8 {[%clk 0:05:29]} 26. Nd2 {[%clk 0:11:57]} a5
{[%clk 0:04:13]} 27. Nc4 {[%clk 0:11:17]} axb4 {[%clk 0:03:37]} 28. axb4
{[%clk 0:11:07]} Bxc4 {[%clk 0:03:28]} 29. Bxc4 {[%clk 0:11:07]} Rc7
{[%clk 0:03:12]} 30. Kf3 {[%clk 0:07:01]} Nxb4 {[%clk 0:02:59]} 31. Bb5
{[%clk 0:06:04]} Rxc5 {[%clk 0:01:02]} 32. Rd7+ {[%clk 0:06:04]} Kf6
{[%clk 0:00:30]} 33. Rxb7 {[%clk 0:06:04]} Nd5 {[%clk 0:00:28]} 34. Bd3
{[%clk 0:05:34]} Nc7 {[%clk 0:00:16]} 35. h4 {[%clk 0:04:49]} h5 {[%clk 0:00:16]}
36. Rb6+ {[%clk 0:04:00]} Ne6 {[%clk 0:00:18]} 37. Bb1 {[%clk 0:03:48]} Rc4
{[%clk 0:00:10]} 38. g3 {[%clk 0:03:40]} Ra4 {[%clk 0:00:11]} 39. Bc2
{[%clk 0:03:37]} Ra7 {[%clk 0:00:05]} 40. Bb3 {[%clk 0:03:34]} Rc7
{[%clk 0:00:07]} 41. Bxe6 {[%clk 0:03:22]} fxe6 {[%clk 0:00:09]} 42. Rb8
{[%clk 0:03:16]} Rc4 {[%clk 0:00:08]} 43. Rf8+ {[%clk 0:03:09]} Ke7
{[%clk 0:00:10]} 44. Rg8 {[%clk 0:03:07]} Kf7 {[%clk 0:00:12]} 45. Ra8
{[%clk 0:03:09]} Rb4 {[%clk 0:00:13]} 46. Rc8 {[%clk 0:03:04]} Ra4
{[%clk 0:00:14]} 47. Rb8 {[%clk 0:03:06]} Kf6 {[%clk 0:00:12]} 48. Rf8+
{[%clk 0:03:07]} Ke7 {[%clk 0:00:13]} 49. Rb8 {[%clk 0:03:09]} Kf7
{[%clk 0:00:15]} 50. Rc8 {[%clk 0:03:09]} Rb4 {[%clk 0:00:10]} 51. Ra8
{[%clk 0:03:05]} Rc4 {[%clk 0:00:12]} 52. Rb8 {[%clk 0:03:07]} Ra4
{[%clk 0:00:14]} 53. Rc8 {[%clk 0:03:09]} Rb4 {[%clk 0:00:16]} 54. Ra8
{[%clk 0:03:10]} Rc4 {[%clk 0:00:18]} 55. Rb8 {[%clk 0:03:10]} Ra4
{[%clk 0:00:19]} 56. Rc8 {[%clk 0:03:12]} Rb4 {[%clk 0:00:20]} 57. Ke4 1/2-1/2